00630nam a22001697a 4500003000900000005001700009008004100026040002300067082001600090245016500106260004900271300002100320504005200341650001100393650002800404700002800432BDDh-ASL20231015030006.0210131s2013 uk ||||| |||| 00| 0 eng d aBDDh-ASLcBDDh-ASL a297.64bABO00aAbout Muhammad :bThe other western perspective of Islam, a short anthology of Western Writings on the Prophet Muhammad: from the 18th century to the present /  aUnited Kingdom:bLegacy Publishing, c2013.  a107 p. :c24 cm. aIncludes bibliographical references and index.  0aIslam  0aProphetvMuhammad (SM.)1 aEl-Affendi, Abdelwahab